[Event "C.to Europeo U20"]
[Site "Tallinn EST"]
[Date "1997.09.10"]
[Round "1"]
[White "Marzolo, Cyril"]
[Black "Punteri, Marco"]
[Result "1-0"]
[WhiteElo "2320"]
[BlackElo "1798"]
[PlyCount "61"]
[EventDate "1997.09.10"]

1. d4 Nf6 2. c4 c5 3. d5 b5 4. cxb5 a6 5. f3 g6 6. e4 d6 7. Nc3 Bg7 8. Bg5 O-O
9. Qd2 Re8 10. Nge2 e6 11. dxe6 Bxe6 12. Nf4 h6 13. Nxe6 Rxe6 14. Be3 d5 15.
exd5 Re5 16. O-O-O Nh7 17. Bf4 Re7 18. b6 Qxb6 19. Na4 Qa7 20. Bc4 Rb7 21. h4
Rb4 22. b3 Nd7 23. Rhe1 Nb6 24. Nxb6 Qxb6 25. Be5 a5 26. Bc3 Rb8 27. Bxb4 axb4
28. Re7 Qa5 29. d6 Qa3+ 30. Kb1 Ra8 31. Rxf7 1-0

[Event "C.to Europeo U20"]
[Site "Tallinn EST"]
[Date "1997.09.11"]
[Round "2"]
[White "Punteri, Marco"]
[Black "Zaveckis, Laurynas"]
[Result "0-1"]
[WhiteElo "1798"]
[BlackElo "2235"]
[PlyCount "64"]
[EventDate "1997.09.10"]

1. d4 Nf6 2. c4 c5 3. d5 b5 4. cxb5 a6 5. Nc3 axb5 6. e4 b4 7. Nb5 d6 8. Bf4
Nxe4 9. Bd3 g5 10. Be3 Bd7 11. Qe2 Qb6 12. Nf3 h6 13. O-O Bg7 14. a4 Nf6 15.
Rfe1 O-O 16. Nd2 Bxb5 17. Bxb5 Nxd5 18. Qf3 e6 19. h4 gxh4 20. Qe4 Nxe3 21.
Rxe3 d5 22. Qxh4 Qd8 23. Qg3 Ra7 24. Nf3 Nd7 25. b3 Qc7 26. Qg4 Nf6 27. Qh4 Rc8
28. Rc1 Ne4 29. Bd3 f5 30. Qh5 Qf7 31. Qh3 Rac7 32. Nh4 Ng5 0-1

[Event "C.to Europeo U20"]
[Site "Tallinn EST"]
[Date "1997.09.12"]
[Round "3"]
[White "Meyer, Harvey"]
[Black "Punteri, Marco"]
[Result "1-0"]
[WhiteElo "2160"]
[BlackElo "1798"]
[PlyCount "49"]
[EventDate "1997.09.10"]

1. d4 Nf6 2. c4 c5 3. Nf3 cxd4 4. Nxd4 e5 5. Nb5 d5 6. cxd5 Bc5 7. e3 O-O 8.
N1c3 a6 9. Na3 b5 10. Nc2 e4 11. b4 Bd6 12. Bb2 Nbd7 13. Be2 Ne5 14. Qd4 Bf5
15. O-O Re8 16. Ne1 Nfg4 17. Nxe4 Bxe4 18. Bxg4 Qg5 19. Be2 Qg6 20. f3 Bf5 21.
e4 Bh3 22. f4 Rac8 23. fxe5 Rc2 24. exd6 Rxe2 25. Qxg7+ 1-0

[Event "C.to Europeo U20"]
[Site "Tallinn EST"]
[Date "1997.09.13"]
[Round "4"]
[White "Punteri, Marco"]
[Black "Andrade Vieira, Jose' M."]
[Result "0-1"]
[WhiteElo "1798"]
[BlackElo "2100"]
[PlyCount "80"]
[EventDate "1997.09.10"]

1. d4 Nf6 2. c4 g6 3. Nc3 Bg7 4. e4 d6 5. f4 O-O 6. Nf3 Nbd7 7. Bd3 c6 8. O-O
e5 9. fxe5 dxe5 10. d5 Re8 11. Kh1 cxd5 12. cxd5 Nc5 13. Bc2 b6 14. b4 Nb7 15.
Bg5 h6 16. Bh4 Nd6 17. Qe2 g5 18. Bg3 Nh5 19. Bxe5 Rxe5 20. Nxe5 Bxe5 21. Qxh5
Bxc3 22. Rac1 Kg7 23. Bd3 Be5 24. Rc6 Qd7 25. Rfc1 Qg4 26. Qxg4 Bxg4 27. a4 Bd7
28. Rc7 Bxa4 29. Rf1 Be8 30. Re7 Bf6 31. Rc7 a5 32. bxa5 bxa5 33. Rf2 a4 34. g3
a3 35. Ra2 Bb5 36. Bxb5 Nxb5 37. Rc5 Nc3 38. e5 Bxe5 39. d6 Nxa2 40. d7 Rd8 0-1

[Event "C.to Europeo U20"]
[Site "Tallinn EST"]
[Date "1997.09.14"]
[Round "5"]
[White "Groetz, Harald"]
[Black "Punteri, Marco"]
[Result "1-0"]
[WhiteElo "2245"]
[BlackElo "1798"]
[PlyCount "82"]
[EventDate "1997.09.10"]

1. e4 g6 2. d4 Bg7 3. Nf3 c5 4. Nc3 cxd4 5. Nxd4 Nc6 6. Be3 Nf6 7. Bc4 O-O 8.
f3 a6 9. Qd2 Qc7 10. Bb3 b5 11. g4 Bb7 12. O-O-O Rfc8 13. g5 Nh5 14. Nd5 Qd8
15. Ne2 Ne5 16. Nb6 a5 17. Nxa8 Bxa8 18. f4 Nc4 19. Bxc4 Rxc4 20. Qxd7 Qxd7 21.
Rxd7 Bxe4 22. Rd8+ Bf8 23. Re1 Rxc2+ 24. Kd1 Rxb2 25. Nc3 Bf3+ 26. Kc1 Rxh2 27.
Bc5 Kg7 28. Nxb5 Rxa2 29. Kb1 Re2 30. Rxe2 Bxe2 31. Nc7 Nxf4 32. Ne8+ Kg8 33.
Bxe7 Ne6 34. Rb8 Bd3+ 35. Kb2 a4 36. Kc3 Be4 37. Nf6+ Kg7 38. Bxf8+ Nxf8 39.
Nxe4 Ne6 40. Ra8 h6 41. gxh6+ Kxh6 1-0

[Event "C.to Europeo U20"]
[Site "Tallinn EST"]
[Date "1997.09.15"]
[Round "6"]
[White "Ooms, Andy"]
[Black "Punteri, Marco"]
[Result "1-0"]
[WhiteElo "2170"]
[BlackElo "1798"]
[PlyCount "79"]
[EventDate "1997.09.10"]

1. d4 Nf6 2. Nf3 c5 3. d5 b5 4. Bg5 Qb6 5. Nc3 b4 6. Na4 Qa5 7. Bxf6 gxf6 8. b3
Bg7 9. Nd2 Ba6 10. e4 Bxf1 11. Kxf1 d6 12. Qg4 O-O 13. h4 Qb5+ 14. Nc4 Qd7 15.
Qf3 Na6 16. Re1 Nc7 17. Ne3 e6 18. h5 h6 19. Rh4 Rae8 20. Rg4 Kh8 21. Rxg7 Kxg7
22. Qg3+ Kh8 23. Qf4 f5 24. Qxh6+ Kg8 25. exf5 exf5 26. c4 Qe7 27. Nxc5 Nxd5
28. Nb7 Qf6 29. Qxf6 Nxf6 30. Nxd6 Re6 31. Ndxf5 Nxh5 32. Nd4 Ra6 33. Nd5 Kg7
34. Nxb4 Rd6 35. Nf5+ Kf6 36. Nxd6 Nf4 37. g3 Ne6 38. Nd5+ Kg6 39. f4 f5 40.
Rxe6+ 1-0

[Event "C.to Europeo U20"]
[Site "Tallinn EST"]
[Date "1997.09.16"]
[Round "7"]
[White "Punteri, Marco"]
[Black "Menkinoski, Riste"]
[Result "1-0"]
[WhiteElo "1798"]
[BlackElo "2195"]
[PlyCount "82"]
[EventDate "1997.09.10"]

1. d4 d5 2. c4 c6 3. Nf3 Nf6 4. Nc3 g6 5. e3 Bg7 6. Be2 O-O 7. O-O dxc4 8. Bxc4
Nbd7 9. Qe2 Nb6 10. Bb3 a5 11. Bd2 a4 12. Bc2 Be6 13. Qd1 a3 14. b3 h6 15. Rc1
Nfd5 16. Ne4 Nd7 17. Bb1 Qb8 18. h3 Rd8 19. Qe2 Bf5 20. Nc5 Nxc5 21. Rxc5 Bxb1
22. Rxb1 Qd6 23. Rbc1 Qe6 24. Qc4 Rd6 25. b4 Nc7 26. Qxe6 Rxe6 27. Ra5 Rxa5 28.
bxa5 Rd6 29. Bb4 Rd5 30. Rc5 e6 31. Bxa3 Rd8 32. Rc2 Bf8 33. Bxf8 Kxf8 34. Rb2
Ra8 35. Rxb7 Nd5 36. Ne5 Rxa5 37. Rxf7+ Kg8 38. Rb7 Rxa2 39. Nxc6 Nc3 40. Ne7+
Kf8 41. Nxg6+ Ke8 1-0

[Event "C.to Europeo U20"]
[Site "Tallinn EST"]
[Date "1997.09.17"]
[Round "8"]
[White "Janssen, Ruud"]
[Black "Punteri, Marco"]
[Result "1-0"]
[WhiteElo "2330"]
[BlackElo "1798"]
[PlyCount "35"]
[EventDate "1997.09.10"]

1. c4 e5 2. Nc3 Nf6 3. Nf3 e4 4. Ng5 b5 5. d3 bxc4 6. dxe4 Bb7 7. e5 Ng4 8. Qd4
Nh6 9. e4 Nc6 10. Qxc4 g6 11. Nf3 Qe7 12. Nd5 Nxe5 13. Nxe5 Qxe5 14. Nxc7+ Kd8
15. Nxa8 Bxa8 16. Bd2 Ng4 17. Be2 d5 18. Ba5+ 1-0

[Event "C.to Europeo U20"]
[Site "Tallinn EST"]
[Date "1997.09.19"]
[Round "10"]
[White "Punteri, Marco"]
[Black "Zitin, Yuri"]
[Result "1/2-1/2"]
[WhiteElo "1798"]
[BlackElo "2215"]
[PlyCount "104"]
[EventDate "1997.09.10"]

1. d4 Nf6 2. c4 g6 3. Nc3 d5 4. Nf3 Bg7 5. cxd5 Nxd5 6. Qb3 Nxc3 7. bxc3 O-O 8.
Ba3 Nd7 9. e3 c5 10. Be2 b6 11. O-O Qc7 12. Rac1 e5 13. Rfd1 e4 14. Ng5 Nf6 15.
Bc4 h6 16. Nxf7 Rxf7 17. dxc5 bxc5 18. Bxf7+ Qxf7 19. Rd8+ Bf8 20. Bxc5 Nd7 21.
Bxf8 Nxf8 22. Qxf7+ Kxf7 23. Rb1 Ne6 24. Rh8 h5 25. Rb4 Nf8 26. Rxe4 Kg7 27.
Rxf8 Kxf8 28. h3 Rb8 29. Rb4 Rxb4 30. cxb4 Be6 31. a3 Ke7 32. Kh2 Kd6 33. Kg3
Kd5 34. Kf4 Kc4 35. Ke5 Bc8 36. Kd6 Kb3 37. e4 Kxa3 38. b5 Kb4 39. Kc7 Kxb5 40.
Kxc8 Kc5 41. f4 Kd6 42. g4 hxg4 43. hxg4 a5 44. f5 gxf5 45. gxf5 a4 46. f6 Ke6
47. e5 a3 48. f7 Kxf7 49. Kd7 a2 50. e6+ Kf6 51. e7 a1=Q 52. e8=Q Kg5 1/2-1/2

[Event "C.to Europeo U20"]
[Site "Tallinn EST"]
[Date "1997.09.20"]
[Round "11"]
[White "Rylander, Dennis"]
[Black "Punteri, Marco"]
[Result "1-0"]
[WhiteElo "2100"]
[BlackElo "1798"]
[PlyCount "55"]
[EventDate "1997.09.10"]

1. d4 Nf6 2. c4 c5 3. d5 b5 4. cxb5 a6 5. f3 g6 6. e4 d6 7. Na3 Bg7 8. Ne2 O-O
9. Nc3 Nbd7 10. Be2 Bb7 11. O-O Nb6 12. Bg5 h6 13. Bh4 Nh5 14. f4 Nf6 15. bxa6
Bxa6 16. Bxa6 Rxa6 17. Qe2 Qa8 18. Nab5 Ra5 19. Rad1 Na4 20. e5 Nxc3 21. Nxc3
dxe5 22. fxe5 Nd7 23. e6 Bxc3 24. bxc3 Rxa2 25. exf7+ Kh7 26. Qxe7 Nb6 27. Qxf8
Qxf8 28. Be7 1-0

[Event "VII Festival Magistrale"]
[Site "Marostica ITA"]
[Date "1997.09.??"]
[Round "?"]
[White "Borgo, Giulio"]
[Black "Gallo, Enrico"]
[Result "1-0"]
[WhiteElo "2370"]
[BlackElo "2225"]
[PlyCount "65"]
[EventDate "1997.09.07"]

1. e4 e5 2. Nf3 Nc6 3. Nc3 Nf6 4. d4 exd4 5. Nxd4 Bb4 6. Nxc6 bxc6 7. Bd3 O-O
8. O-O Re8 9. Bg5 h6 10. Bh4 d5 11. exd5 Bxc3 12. bxc3 cxd5 13. Re1 Rxe1+ 14.
Qxe1 Be6 15. Qe3 g5 16. Bg3 c6 17. a4 Qb6 18. Qf3 Nd7 19. h4 Qd8 20. hxg5 Qxg5
21. Bf4 Qf6 22. Qe3 h5 23. Rb1 Kh8 24. Rb7 Qg7 25. Qe2 Qg4 26. Be3 a6 27. f3
Qg3 28. Bd4+ Kg8 29. Rxd7 Bxd7 30. Qe7 Bh3 31. Bh7+ Kxh7 32. Qxf7+ Kh6 33. Be3+
1-0

[Event "VII Festival Magistrale"]
[Site "Marostica ITA"]
[Date "1997.09.??"]
[Round "?"]
[White "Farago, Ivan"]
[Black "Lucaroni, Massimiliano"]
[Result "1-0"]
[WhiteElo "2445"]
[BlackElo "2280"]
[PlyCount "75"]
[EventDate "1997.09.07"]

1. d4 f5 2. g3 Nf6 3. Bg2 e6 4. c4 Be7 5. Nf3 O-O 6. O-O d6 7. Nc3 Qe8 8. b3 a5
9. Bb2 Na6 10. a3 Bd7 11. Ne1 c6 12. Nd3 Bd8 13. e4 e5 14. dxe5 dxe5 15. Qe2
Bb6 16. Na4 Bd4 17. Bxd4 exd4 18. e5 Ne4 19. f3 Ng5 20. Nb6 Rd8 21. Qd2 Ne6 22.
Qxa5 f4 23. Nxd7 Rxd7 24. Bh3 fxg3 25. hxg3 Nac7 26. Qd2 Qg6 27. Kh2 Ng5 28. f4
Nxh3 29. Kxh3 Ne6 30. Rae1 Rdf7 31. Kg2 h5 32. Rf3 Ng5 33. e6 Nxe6 34. Ne5 Qf5
35. Nxf7 Rxf7 36. Qd3 Qg4 37. Re4 h4 38. f5 1-0

[Event "VII Festival Magistrale"]
[Site "Marostica ITA"]
[Date "1997.09.??"]
[Round "?"]
[White "Farago, Ivan"]
[Black "Naumkin, Igor"]
[Result "1/2-1/2"]
[WhiteElo "2445"]
[BlackElo "2410"]
[PlyCount "108"]
[EventDate "1997.09.07"]

1. d4 Nf6 2. Nf3 e6 3. c4 b6 4. g3 Bb7 5. Bg2 Be7 6. Nc3 Ne4 7. Bd2 Bf6 8. O-O
O-O 9. Rc1 Nxd2 10. Qxd2 d6 11. d5 e5 12. Ne1 g6 13. Nd3 Nd7 14. Nb4 Bg7 15.
Nc6 Bxc6 16. dxc6 Nf6 17. b4 a5 18. a3 Qe7 19. Rfd1 h5 20. Bh3 h4 21. Qg5 hxg3
22. hxg3 axb4 23. axb4 Qe8 24. c5 dxc5 25. Bd7 Qb8 26. bxc5 Ra5 27. cxb6 Qxb6
28. e4 Qb4 29. Qe3 Ra3 30. Qe1 Bh6 31. Rc2 Rfa8 32. Rb1 Qc5 33. Kg2 Kg7 34. Rb5
Qc4 35. Qf1 Qd4 36. Qe1 Qd3 37. Rbb2 R8a5 38. Nb1 Qf3+ 39. Kg1 Rd3 40. Rc3 Qd1
41. Qf1 Rd4 42. Qxd1 Rxd1+ 43. Kg2 Nxe4 44. Rcb3 Ra1 45. Rb7 Nd6 46. Bg4 Rc1
47. Rxc7 Raxb1 48. Rxb1 Rxb1 49. Rd7 Nf5 50. c7 Rc1 51. Bf3 Bg5 52. Bb7 Nd6 53.
Rxd6 Rxc7 54. Bd5 Be7 1/2-1/2

[Event "VII Festival Magistrale"]
[Site "Marostica ITA"]
[Date "1997.09.??"]
[Round "?"]
[White "Farago, Ivan"]
[Black "Perezzani, Stefano"]
[Result "1-0"]
[WhiteElo "2445"]
[BlackElo "1974"]
[PlyCount "59"]
[EventDate "1997.09.07"]

1. d4 e6 2. c4 Nf6 3. Nf3 Bb4+ 4. Bd2 Qe7 5. g3 O-O 6. Bg2 Bxd2+ 7. Qxd2 d6 8.
Nc3 e5 9. O-O Nc6 10. Nd5 Qd8 11. Rfd1 Bg4 12. dxe5 dxe5 13. Qe3 Bxf3 14. exf3
Nd7 15. f4 Re8 16. Bh3 Nd4 17. Bxd7 Qxd7 18. fxe5 c5 19. f4 Rac8 20. Rd2 Qg4
21. Rf2 h5 22. Kh1 Rc6 23. Raf1 Qf5 24. Re1 Qg4 25. Qe4 Nf5 26. Qf3 Qg6 27. Qd3
h4 28. gxh4 Qh5 29. Rg1 Qxh4 30. Rfg2 1-0

[Event "VII Festival Magistrale"]
[Site "Marostica ITA"]
[Date "1997.09.??"]
[Round "?"]
[White "Godena, Michele"]
[Black "Ciolac, Gheorghe"]
[Result "1-0"]
[WhiteElo "2515"]
[BlackElo "2385"]
[PlyCount "55"]
[EventDate "1997.09.07"]

1. e4 e5 2. Nf3 Nc6 3. Bb5 g6 4. d4 exd4 5. Bg5 Be7 6. Bxe7 Ngxe7 7. Nxd4 d5 8.
Nc3 dxe4 9. Nxe4 O-O 10. Nxc6 Nxc6 11. Bxc6 Qxd1+ 12. Rxd1 bxc6 13. Kd2 Be6 14.
Kc3 f5 15. Nc5 Bd5 16. f3 g5 17. Rhe1 Rae8 18. Nd7 Rxe1 19. Rxe1 Rf7 20. Re8+
Kg7 21. Ne5 Rf6 22. Re7+ Kh6 23. Rxc7 g4 24. fxg4 Bxg2 25. h4 fxg4 26. Nxg4+
Kg6 27. Nxf6 Kxf6 28. Rxh7 1-0

[Event "VII Festival Magistrale"]
[Site "Marostica ITA"]
[Date "1997.09.??"]
[Round "?"]
[White "Lazarev, Vladimir"]
[Black "Belotti, Bruno"]
[Result "1-0"]
[WhiteElo "2500"]
[BlackElo "2410"]
[PlyCount "59"]
[EventDate "1997.09.07"]

1. d4 Nf6 2. c4 c5 3. d5 b5 4. cxb5 a6 5. bxa6 g6 6. Nc3 Bxa6 7. g3 d6 8. Bg2
Nbd7 9. Nf3 Nb6 10. O-O Bg7 11. a3 O-O 12. Rb1 Bb7 13. e4 Nfd7 14. Qc2 Nc4 15.
a4 Qa5 16. Bg5 h6 17. Bxe7 Rfe8 18. Nb5 Rxe7 19. Qxc4 Nb6 20. Qc1 Ba6 21. Nxd6
Rd8 22. e5 Bxe5 23. Nxe5 Rxe5 24. Qf4 Re7 25. Qf6 Rdd7 26. b4 cxb4 27. Rfe1 Be2
28. Nxf7 Nxd5 29. Qxg6+ Kf8 30. Nxh6 1-0

[Event "VII Festival Magistrale"]
[Site "Marostica ITA"]
[Date "1997.09.??"]
[Round "?"]
[White "Lazarev, Vladimir"]
[Black "Lucaroni, Massimiliano"]
[Result "1-0"]
[WhiteElo "2500"]
[BlackElo "2280"]
[PlyCount "81"]
[EventDate "1997.09.07"]

1. d4 d5 2. c4 e6 3. Nf3 c5 4. cxd5 exd5 5. g3 Nc6 6. Bg2 Nf6 7. O-O Be7 8. Nc3
O-O 9. dxc5 Bxc5 10. Bg5 d4 11. Ne4 Be7 12. Bxf6 Bxf6 13. Ne1 Bf5 14. Nd3 Qe7
15. Nec5 Rac8 16. a3 b6 17. Nb3 Rfe8 18. Rc1 Qxe2 19. Bxc6 Bxd3 20. Bxe8 Rxe8
21. Re1 Qxd1 22. Rcxd1 Rxe1+ 23. Rxe1 Bb5 24. Rd1 d3 25. Rd2 Bg5 26. f4 Be7 27.
Kf1 Bc5 28. Nxc5 bxc5 29. Kf2 c4 30. Ke3 Kf8 31. Kd4 Ke7 32. b3 cxb3 33. Kc3
Kd6 34. Kxb3 Kd5 35. Kc3 Ke4 36. Rb2 Ba6 37. Rb4+ Ke3 38. Rd4 h5 39. Rd7 g6 40.
Rxa7 Bc8 41. Ra5 1-0

[Event "VII Festival Magistrale"]
[Site "Marostica ITA"]
[Date "1997.09.??"]
[Round "?"]
[White "Marchini, Massimo"]
[Black "Bracaglia, Carlo"]
[Result "1-0"]
[WhiteElo "2150"]
[BlackElo "2080"]
[PlyCount "33"]
[EventDate "1997.09.07"]

1. e4 e5 2. Nf3 d6 3. d4 exd4 4. Nxd4 Nf6 5. Nc3 Be7 6. Be2 O-O 7. O-O a6 8. f4
c5 9. Nb3 Nc6 10. Bf3 Qc7 11. a4 Be6 12. Be3 Rfd8 13. g4 Bc4 14. Rf2 d5 15.
exd5 Nd4 16. Nxd4 Bxd5 17. Nf5 1-0

[Event "VII Festival Magistrale"]
[Site "Marostica ITA"]
[Date "1997.09.??"]
[Round "?"]
[White "Naumkin, Igor"]
[Black "Caruso, Augusto"]
[Result "1-0"]
[WhiteElo "2410"]
[BlackElo "2265"]
[PlyCount "51"]
[EventDate "1997.09.07"]

1. d4 d5 2. c4 e6 3. Nc3 c5 4. cxd5 exd5 5. Nf3 Nc6 6. g3 Nf6 7. Bg2 c4 8. O-O
Bb4 9. Bg5 Be6 10. e4 dxe4 11. Nxe4 Be7 12. Bxf6 gxf6 13. Nc3 Nb4 14. Nh4 Qd7
15. d5 Bg4 16. Bf3 h5 17. b3 Rc8 18. bxc4 Rxc4 19. Rc1 Rg8 20. Qe2 Rd4 21. Nb5
Rxd5 22. Nc7+ Kf8 23. Nxd5 Nxd5 24. Qd2 Rg5 25. Rfd1 Kg7 26. Bxd5 1-0

[Event "VII Festival Magistrale"]
[Site "Marostica ITA"]
[Date "1997.09.??"]
[Round "?"]
[White "Nurkic, Sahbaz"]
[Black "Borgo, Giulio"]
[Result "0-1"]
[WhiteElo "2430"]
[BlackElo "2370"]
[PlyCount "88"]
[EventDate "1997.09.07"]

1. e4 c5 2. Nf3 e6 3. c3 Nf6 4. e5 Nd5 5. d4 cxd4 6. cxd4 d6 7. Bd3 dxe5 8.
dxe5 Nb4 9. Bb5+ Bd7 10. Be2 Bc6 11. Qxd8+ Kxd8 12. Na3 Nd7 13. O-O h6 14. Rd1
Bc5 15. Bd2 Ke7 16. Rdc1 a5 17. Nc4 Bd5 18. a3 Nc6 19. Bc3 a4 20. Ncd2 g5 21.
h3 Rhg8 22. Bc4 Bxc4 23. Nxc4 g4 24. hxg4 Rxg4 25. Ne3 Bxe3 26. fxe3 Rag8 27.
Rc2 Nb6 28. Be1 Nc4 29. Bh4+ Ke8 30. Rd1 Rxg2+ 31. Rxg2 Rxg2+ 32. Kh1 Rg4 33.
Bf6 Nxe3 34. Rd3 Nd5 35. Nh2 Nxf6 36. exf6 Rf4 37. b3 Rxf6 38. bxa4 Rf4 39. Rb3
Rxa4 40. Rxb7 Rxa3 41. Ng4 Kf8 42. Rc7 Ra4 43. Nf6 Ne5 44. Rc5 Ke7 0-1

[Event "VII Festival Magistrale"]
[Site "Marostica ITA"]
[Date "1997.09.??"]
[Round "?"]
[White "Nurkic, Sahbaz"]
[Black "Caruso, Augusto"]
[Result "1-0"]
[WhiteElo "2430"]
[BlackElo "2265"]
[PlyCount "57"]
[EventDate "1997.09.07"]

1. e4 e5 2. Nf3 Nc6 3. Bb5 f5 4. d3 fxe4 5. dxe4 Nf6 6. O-O d6 7. Nc3 Be7 8.
Bc4 Na5 9. Qd3 Nxc4 10. Qxc4 Qd7 11. Ng5 Bd8 12. f4 exf4 13. Bxf4 h6 14. Nf3
Qe6 15. Qd3 O-O 16. Nd4 Qg4 17. Rae1 Bd7 18. Bg3 Qg6 19. Re3 Rc8 20. Nde2 Be7
21. Nf4 Qg5 22. h4 Qc5 23. Ng6 Rfe8 24. b4 Qh5 25. e5 Ng4 26. Ref3 dxe5 27. Rf7
Bxb4 28. Rxd7 Bxc3 29. Qd5+ 1-0

[Event "VII Festival Magistrale"]
[Site "Marostica ITA"]
[Date "1997.09.??"]
[Round "?"]
[White "Nurkic, Sahbaz"]
[Black "Mrdja, Milan"]
[Result "1-0"]
[WhiteElo "2430"]
[BlackElo "2390"]
[PlyCount "64"]
[EventDate "1997.09.07"]

1. e4 e6 2. d4 d5 3. Nd2 Nf6 4. e5 Nfd7 5. Bd3 c5 6. c3 Nc6 7. Ne2 a5 8. O-O a4
9. f4 a3 10. b3 cxd4 11. cxd4 Be7 12. Nf3 Nb4 13. Bb1 Nb6 14. Bd2 Bd7 15. Qe1
Na6 16. Bd3 g6 17. Ba5 Nb8 18. Rc1 Nc6 19. Bd2 Nc8 20. g4 Qb6 21. f5 N8a7 22.
fxg6 fxg6 23. Kh1 Nb5 24. Bg5 Nbxd4 25. Nexd4 Bxg5 26. Nxg5 Qxd4 27. Qd2 Qb4
28. Qf2 O-O-O 29. Qa7 Kc7 30. Rf7 Rhe8 31. Nxh7 Qb6 32. Qxa3 Kb8 1-0

[Event "VII Festival Magistrale"]
[Site "Marostica ITA"]
[Date "1997.09.??"]
[Round "?"]
[White "Ortega, Lexy"]
[Black "Nurkic, Sahbaz"]
[Result "0-1"]
[WhiteElo "2470"]
[BlackElo "2430"]
[PlyCount "84"]
[EventDate "1997.09.07"]

1. d4 g6 2. Nf3 Bg7 3. g3 Nf6 4. c4 O-O 5. Bg2 d6 6. Nc3 Nc6 7. O-O e5 8. d5
Ne7 9. c5 Ne8 10. cxd6 Nxd6 11. e4 h6 12. Re1 c6 13. dxc6 Nxc6 14. b3 Re8 15.
Bb2 Be6 16. Rc1 Rc8 17. Rc2 Nd4 18. Rd2 Bg4 19. Nd5 Qa5 20. b4 Qa6 21. Bxd4
exd4 22. Rxd4 Nc4 23. h3 Bxf3 24. Bxf3 Bxd4 25. Qxd4 Ne5 26. Bg2 Rc2 27. Ne7+
Kh7 28. Qxe5 Qb6 29. Rf1 Rc7 30. Nd5 Rxe5 31. Nxb6 axb6 32. Rd1 Ree7 33. Rd4
Rc1+ 34. Kh2 Rc2 35. Kg1 Rxa2 36. Rd6 Kg7 37. g4 Rc7 38. e5 Rc1+ 39. Kh2 Rxf2
40. Kg3 Rb2 41. Bxb7 g5 42. Kf3 Rc4 0-1

[Event "VII Festival Magistrale"]
[Site "Marostica ITA"]
[Date "1997.09.??"]
[Round "1"]
[White "Astengo, Marcello"]
[Black "Micheli, Carlo"]
[Result "0-1"]
[WhiteElo "2040"]
[BlackElo "2295"]
[PlyCount "120"]
[EventDate "1997.09.07"]

1. d4 Nf6 2. c4 g6 3. Nc3 Bg7 4. e4 d6 5. Bg5 c6 6. Qd2 h6 7. Bh4 g5 8. Bg3 Nh5
9. Nf3 Qb6 10. Be2 g4 11. Nh4 Qxd4 12. Qc2 Na6 13. a3 Nxg3 14. hxg3 h5 15. Rd1
Qe5 16. Nf5 Bxf5 17. exf5 Nc5 18. O-O h4 19. gxh4 g3 20. h5 gxf2+ 21. Rxf2 Qe3
22. Qc1 Bd4 23. Qxe3 Bxe3 24. b4 Nd7 25. Rd3 Bxf2+ 26. Kxf2 Nf6 27. Rh3 O-O-O
28. Ke3 Rdg8 29. Bf3 Ng4+ 30. Kf4 Nf2 31. Rh4 Nd3+ 32. Ke4 Ne5 33. c5 Nd7 34.
cxd6 exd6 35. g4 f6 36. Kf4 d5 37. b5 Kc7 38. Ne2 Kd6 39. Nd4 Nc5 40. bxc6 bxc6
41. Rh1 Re8 42. Rb1 Rh7 43. Rd1 Re5 44. Rb1 Nd3+ 45. Kg3 Re1 46. Rb8 Rg1+ 47.
Kh2 Rc1 48. Re8 Re7 49. Rf8 Ke5 50. Ne2 Rc2 51. Kg3 Nc5 52. Kh4 Ne4 53. Bxe4
Rxe2 54. Bf3 Re3 55. Bg2 Kf4 56. Rb8 a5 57. Rb2 Re2 58. Rxe2 Rxe2 59. Bh3 d4
60. h6 d3 0-1

[Event "VII Festival Magistrale"]
[Site "Marostica ITA"]
[Date "1997.09.??"]
[Round "1"]
[White "Carli, Carlo"]
[Black "Caruso, Augusto"]
[Result "0-1"]
[WhiteElo "2003"]
[BlackElo "2265"]
[PlyCount "94"]
[EventDate "1997.09.07"]

1. d4 e6 2. Nf3 f5 3. c4 Nf6 4. Nc3 Bb4 5. g3 c5 6. d5 d6 7. Bg2 Ne4 8. O-O
Nxc3 9. bxc3 Bxc3 10. Bg5 Qc7 11. Rc1 Bf6 12. Bxf6 gxf6 13. dxe6 Bxe6 14. Qd3
Nc6 15. e4 f4 16. Rfd1 fxg3 17. hxg3 Ne5 18. Qxd6 Qxd6 19. Rxd6 Ke7 20. Rcd1
Nxc4 21. Rxe6+ Kxe6 22. Bh3+ Ke7 23. Rd7+ Ke8 24. Rxb7 Nd6 25. Rc7 Nxe4 26. Nh4
Nd6 27. Rxc5 Rb8 28. Rc7 Rb7 29. Rc6 Ke7 30. a4 Rf8 31. Nf5+ Nxf5 32. Bxf5 Rf7
33. f4 Kf8 34. a5 Kg7 35. Be4 Rb4 36. Bf5 Re7 37. a6 Rb6 38. Rxb6 axb6 39. Bd3
Rd7 40. Be2 Rd2 41. Kf1 Ra2 42. Bd3 h6 43. Ke1 Kf8 44. g4 Ke7 45. Kd1 Kd6 46.
Kc1 Kc5 47. Kb1 Ra3 0-1

[Event "VII Festival Magistrale"]
[Site "Marostica ITA"]
[Date "1997.09.??"]
[Round "1"]
[White "Danieli, Enrico"]
[Black "Everet, Alexandro"]
[Result "0-1"]
[WhiteElo "1963"]
[BlackElo "2225"]
[PlyCount "90"]
[EventDate "1997.09.07"]

1. d4 g6 2. e4 Bg7 3. Nc3 d6 4. Be2 Nf6 5. Be3 O-O 6. h3 a6 7. a4 b6 8. Bf3 Ra7
9. Nge2 Nbd7 10. O-O Bb7 11. a5 e6 12. Qd2 Re8 13. axb6 Nxb6 14. b3 Ra8 15. Ra2
Nfd7 16. Rd1 Qc8 17. Ra5 f5 18. Ng3 Nf6 19. Qd3 d5 20. e5 Nfd7 21. Rda1 c5 22.
Qe2 cxd4 23. Bxd4 Qc7 24. Qd2 Nxe5 25. Rc5 Qd6 26. Be2 Nbd7 27. Rca5 Nc6 28.
Bxg7 Nxa5 29. Qh6 Nc6 30. Ra4 Qe7 31. Bd4 Nxd4 32. Rxd4 Qg7 33. Qd2 e5 34. Rb4
Nf6 35. Nf1 Bc6 36. Rb6 Qc7 37. Rxa6 Rxa6 38. Bxa6 Ra8 39. Be2 d4 40. Bc4+ Kg7
41. Ne2 Ra1 42. Neg3 f4 43. Ne2 Qa7 44. g4 Ne4 45. Qd3 Rxf1+ 0-1

[Event "VII Festival Magistrale"]
[Site "Marostica ITA"]
[Date "1997.09.??"]
[Round "1"]
[White "De Bortoli, Peter"]
[Black "Contin, Daniel"]
[Result "1-0"]
[WhiteElo "2085"]
[BlackElo "2325"]
[PlyCount "71"]
[EventDate "1997.09.07"]

1. e4 e6 2. d4 d5 3. exd5 exd5 4. Bd3 c5 5. dxc5 Bxc5 6. Nf3 Nc6 7. O-O Nge7 8.
Nc3 Bg4 9. Bf4 h6 10. h3 Bh5 11. g4 Bg6 12. Bxg6 fxg6 13. Bg3 O-O 14. Kg2 Qd7
15. Qd3 h5 16. g5 Rf5 17. Rae1 Nb4 18. Qd2 Rxf3 19. Kxf3 Qxh3 20. Na4 Nf5 21.
Rh1 Nh4+ 22. Ke2 Qg4+ 23. Kf1 Bxf2 24. Qxf2 Rf8 25. Rxh4 Qxg3 26. Qxf8+ Kxf8
27. Rxb4 h4 28. Re2 Kg8 29. Nc5 Qh3+ 30. Ke1 Qg3+ 31. Kf1 Qh3+ 32. Ke1 Qg3+ 33.
Kf1 h3 34. Re8+ Kh7 35. Nd7 h2 36. Nf6+ 1-0

[Event "VII Festival Magistrale"]
[Site "Marostica ITA"]
[Date "1997.09.??"]
[Round "1"]
[White "De Vita, Igor"]
[Black "Drei, Andrea"]
[Result "0-1"]
[WhiteElo "2115"]
[BlackElo "2345"]
[PlyCount "60"]
[EventDate "1997.09.07"]

1. e4 c5 2. Nf3 e6 3. d3 Nc6 4. g3 d5 5. Nbd2 Nf6 6. Bg2 Be7 7. O-O Qc7 8. Re1
b6 9. Nf1 dxe4 10. dxe4 Bb7 11. e5 Rd8 12. Qe2 Nd5 13. a3 Nd4 14. Nxd4 cxd4 15.
Qg4 Kf8 16. Bd2 Qxc2 17. b4 h5 18. Qxd4 f5 19. Rec1 Qa4 20. h4 Kf7 21. Qb2 Rd7
22. Qc2 Qb5 23. a4 Qe2 24. Re1 Qg4 25. Ne3 Nxe3 26. Rxe3 f4 27. Rb3 f3 28. Bf1
Bxh4 29. Rc3 Bxg3 30. Rc4 Bf4+ 0-1

[Event "VII Festival Magistrale"]
[Site "Marostica ITA"]
[Date "1997.09.??"]
[Round "1"]
[White "Gallo, Enrico"]
[Black "Torelli, Mirco"]
[Result "1-0"]
[WhiteElo "2225"]
[BlackElo "1947"]
[PlyCount "65"]
[EventDate "1997.09.07"]

1. e4 c5 2. Nf3 e6 3. d4 cxd4 4. Nxd4 Nf6 5. Nc3 d6 6. Bc4 Be7 7. Be3 a6 8. Bb3
Qc7 9. Qe2 Nc6 10. O-O-O O-O 11. g4 Nxd4 12. Rxd4 b5 13. g5 Nd7 14. Qh5 Bb7 15.
Rg1 g6 16. Qe2 Rfe8 17. h4 Bf8 18. h5 Bg7 19. hxg6 hxg6 20. f4 Nc5 21. Qh2
Nxb3+ 22. axb3 Rac8 23. Kb1 d5 24. e5 Qe7 25. Rd3 Bc6 26. Bd4 Qb7 27. Rh3 Bd7
28. Rh7 Kf8 29. Rxg7 b4 30. Qh7 Ke7 31. Rxf7+ Kd8 32. Ne4 Rc6 33. Nc5 1-0